000 00666nam a2200193 a 4500
005 20241017063706.0
008 991125s1971 fr 000 0 fre u
035 _aUPN01000011807
049 _aF
050 4 _aLB5
_bB48
100 1 _aSagara, Iichi,
_d1910-
245 1 3 _aLa cooperation internationale dans le domaine de l'education :
_borientations et suggestions /
_cIichi Sagara.
260 _a[París] :
_bUNESCO,
_c1971.
300 _a5 p.
440 0 _aSerie B.
_pOpinions ;
_v48
520 _aA la cabeza de la portada: Commission Internarionale sur le Developpement de l'Education
650 4 _aCooperación internacional educativa
_912385
905 _aLibro
999 _c11807
_d11807